000
00211 a2200097 4500
001
48907
100
_a
Ishtiaq H Qur
245
_a
Ulema in Politics
260
_a
Peshawar
_b
Feroz sons
_c
090
_c
31799
_d
31799
942
_a
NUST-CAE
_c
M
_c
24223
999
_c
283980
_d
283980